| 000 | 00640nam a22001937a 4500 | ||
|---|---|---|---|
| 999 |
_c487 _d487 |
||
| 001 | 1266 | ||
| 003 | BD-DhUAP | ||
| 005 | 20210117141723.0 | ||
| 008 | 200122s1991 bg br f000 0 eng | ||
| 040 |
_aDLC _cDLC _bEng _dBD-DhUAP |
||
| 082 |
_223 _a016.95492 BAN |
||
| 110 |
_aBangladesh. _bMinistry of Planning. |
||
| 245 | 0 | 0 | _aBangladesh directory of social science research organizations, 1991. |
| 260 |
_aDhaka : _bSocial Science Research Council, Bangladesh, _c1991. |
||
| 300 |
_a214 pages ; _c29 cm. |
||
| 504 | _aIncludes bibliographical references. | ||
| 650 | 0 |
_aSocial sciences _xResearch _zBangladesh _vDirectories. |
|
| 942 |
_2ddc _cBK |
||